| 000 | 00612nam a2200205 a 4500 | ||
|---|---|---|---|
| 001 | 55836 | ||
| 003 | BD-RjUL | ||
| 005 | 20211209080323.0 | ||
| 008 | 161122s1954 nyu||||| |||| 00| 0 eng d | ||
| 035 | _a(BD-RjUL)55960 | ||
| 040 |
_aBD-RjUL _beng _cBD-RjUL |
||
| 041 | _aeng | ||
| 082 |
_223 _a821.7 _bGIJ 1954 |
||
| 100 | 1 | 0 |
_aGittings, Robert _9165528 |
| 245 | 0 |
_aJohn keats : _bthe living year, 21 September 1818 to 21 September 1819 / _cRobert Gittings |
|
| 260 |
_aLondon : _bWillam Heineman, _c1954 |
||
| 300 |
_a247 p. : _bill, ; _c20 cm. |
||
| 600 |
_aKeats, John, _c1795-1821 _9240668 |
||
| 942 |
_2ddc _cBK |
||
| 999 |
_c55836 _d55836 |
||